|
|
|
|
| LEADER |
00927cam a2200229 7i4500 |
| 001 |
0000021378 |
| 005 |
20080724090000.0 |
| 020 |
0 |
0 |
|a 978-1-58239-006-2
|
| 090 |
0 |
0 |
|a I 381.2025
|b INT
|
| 245 |
0 |
0 |
|a The International directory of agents,distributors and wholesalers volume 2.
|
| 250 |
0 |
0 |
|a 2008 ed.
|
| 260 |
0 |
0 |
|a Poulsbo,WA:
|b Interdata,
|c 2008.
|
| 300 |
# |
# |
|a 1098 p.
|
| 500 |
0 |
0 |
|a Library has vol 1 & 2
|
| 650 |
0 |
0 |
|a Manufacturers agents --
|x Directories
|
| 650 |
0 |
0 |
|a Wholesalers --
|x Directories
|
| 650 |
0 |
0 |
|a Distributors --
|x Directories
|
| 999 |
|
|
|a JHR000061B
|b Directories
|c International
|e MATRADE Southern Regional Office
|
| 999 |
|
|
|a B000022609
|b Directories
|c International
|e Business Information Centre
|
| 999 |
|
|
|a PNG000761B
|b Directories
|c International
|e MATRADE Northern Regional Office
|
| 999 |
|
|
|a SBH000738B
|b Directories
|c International
|e MATRADE Sabah
|
| 999 |
|
|
|a SRW000167B
|b Directories
|c International
|e MATRADE Sarawak
|